[Event "Klaipeda Sea op-B 16th"]
[Site "Klaipeda"]
[Date "2019.07.27"]
[Round "6"]
[White "Sibajeva, Marija"]
[Black "Zebelis, Rimantas"]
[Result "1-0"]
[WhiteElo "1996"]
[BlackElo "1721"]
[PlyCount "57"]
[EventDate "2019.07.22"]
[EventType "swiss"]
[EventRounds "7"]
[EventCountry "LTU"]
[SourceTitle "CBM 191 Extra"]
[Source "ChessBase"]
[SourceDate "2019.09.30"]
[SourceVersion "1"]
[SourceVersionDate "2019.09.30"]
[SourceQuality "1"]

1. e4 c5 2. Nf3 e6 3. d4 cxd4 4. Nxd4 a6 5. c4 Nc6 6. Nc3 Qc7 7. Be3 Nf6 8. a3 d6 9. Be2 Ne5 10. Rc1 Bd7 11. f4 Nc6 12. 0-0 Be7 13. Bf3 Rc8 14. Nde2 Qb8 15. Na4 0-0 16. Nb6 Rcd8 17. b4 Be8 18. Nc3 Nd7 19. Nca4 Nxb6 20. Nxb6 Na7 21. f5 exf5 22. exf5 Bc6 23. Bd5 Bf6 24. Bd4 Be5 25. f6 g6 26. Bxe5 dxe5 27. Qd2 Kh8 28. Qh6 Rg8 29. Rf3 1-0

[Event "LTU-chT"]
[Site "Lithuania"]
[Date "2019.01.27"]
[Round "2.10"]
[White "Zebelis, Rimantas"]
[Black "Feofanov, Boris"]
[Result "1/2-1/2"]
[WhiteElo "1726"]
[BlackElo "1671"]
[PlyCount "118"]
[EventDate "2019.01.26"]
[EventType "team-swiss"]
[EventRounds "7"]
[EventCountry "LTU"]
[SourceTitle "CBM 188 Extra"]
[Source "ChessBase"]
[SourceDate "2019.02.26"]
[SourceVersion "1"]
[SourceVersionDate "2019.02.26"]
[SourceQuality "1"]
[WhiteTeam "Kaunas Margiris III"]
[BlackTeam "Vilnius Pasaku II"]
[WhiteTeamCountry "LTU"]
[BlackTeamCountry "LTU"]

1. d4 Nf6 2. c4 e6 3. Nf3 b6 4. Nc3 Bb7 5. a3 d6 6. Qc2 Nbd7 7. e4 Be7 8. Be2 0-0 9. 0-0 h6 10. h3 a6 11. Bf4 Rc8 12. Rad1 Qe8 13. Rfe1 Nh5 14. Bh2 f5 15. exf5 Rxf5 16. d5 Rf8 17. dxe6 Nc5 18. Nd4 Nf6 19. f3 a5 20. Bf1 Nh5 21. Nd5 Bh4 22. Re2 Ng3 23. Bxg3 Bxg3 24. b4 axb4 25. axb4 Na6 26. b5 Nc5 27. Nf5 Bxd5 28. cxd5 Be5 29. Nd4 Qe7 30. Nc6 Qf6 31. Nxe5 dxe5 32. Qc3 Rcd8 33. Qxe5 Qe7 34. Ra2 Nxe6 35. Rc2 Qg5 36. Qxe6+ Kh8 37. Rcd2 Rxf3 38. Qg4 Qe3+ 39. Kh1 Rf6 40. Re2 Qc5 41. Red2 Rdf8 42. Be2 Rf4 43. Qg3 Re4 44. Bf3 Re3 45. Qg4 Qxb5 46. d6 cxd6 47. Rxd6 Qe8 48. Qd4 Re1+ 49. Kh2 Rxd1 50. Rxh6+ Kg8 51. Bd5+ Rf7 52. Qxd1 Qe5+ 53. Kh1 gxh6 54. Qg4+ Qg5 55. Qe6 Qc1+ 56. Kh2 Qc7+ 57. Kg1 Qc1+ 58. Kh2 Qf4+ 59. Kg1 Qc1+ 1/2-1/2

[Event "Vilnius Zavanelli Memorial op-B"]
[Site "Vilnius"]
[Date "2018.10.28"]
[Round "6"]
[White "Zebelis, Rimantas"]
[Black "Leclere, Daniel"]
[Result "1/2-1/2"]
[WhiteElo "1749"]
[BlackElo "1712"]
[PlyCount "99"]
[EventDate "2018.10.25"]
[EventType "swiss"]
[EventRounds "7"]
[EventCountry "LTU"]
[SourceTitle "EXT 2021"]
[Source "ChessBase"]
[SourceDate "2020.10.23"]
[SourceVersion "1"]
[SourceVersionDate "2020.10.23"]
[SourceQuality "1"]

1. d4 Nf6 2. c4 g6 3. g3 c6 4. Nc3 d5 5. cxd5 cxd5 6. Bg2 Nc6 7. Nf3 Bg7 8. 0-0 0-0 9. h3 e6 10. a3 Na5 11. Ne5 Nd7 12. Nf3 a6 13. Bg5 f6 14. Bf4 Nb6 15. Na4 g5 16. Bc1 Nxa4 17. Qxa4 b5 18. Qd1 Bd7 19. Nd2 f5 20. Nf3 h6 21. Ne5 Be8 22. b3 Nc6 23. Bb2 Nxe5 24. dxe5 Rc8 25. f4 Rf7 26. Rc1 Rxc1 27. Qxc1 Rc7 28. Qd2 gxf4 29. gxf4 Qc8 30. Rc1 Rxc1+ 31. Qxc1 Qxc1+ 32. Bxc1 Kf7 33. Be3 Bf8 34. b4 Bc6 35. Kf2 Be7 36. Kg3 a5 37. Bd2 axb4 38. axb4 Ke8 39. Bf3 Kd8 40. e3 Be8 41. Bd1 Kc8 42. Kg2 Kc7 43. Kf1 Bc6 44. Bh5 d4 45. exd4 Bd5 46. Kg1 Bc4 47. Bf3 Bd5 48. Bh5 Kd7 49. Kh2 Bc4 50. Kg3 1/2-1/2

[Event "Vilnius Zavanelli Memorial op-B"]
[Site "Vilnius"]
[Date "2018.10.27"]
[Round "5"]
[White "Barsciauskas, Gintautas"]
[Black "Zebelis, Rimantas"]
[Result "1/2-1/2"]
[WhiteElo "1591"]
[BlackElo "1749"]
[PlyCount "77"]
[EventDate "2018.10.25"]
[EventType "swiss"]
[EventRounds "7"]
[EventCountry "LTU"]
[SourceTitle "EXT 2021"]
[Source "ChessBase"]
[SourceDate "2020.10.23"]
[SourceVersion "1"]
[SourceVersionDate "2020.10.23"]
[SourceQuality "1"]

1. Nf3 g6 2. c4 Bg7 3. d4 d6 4. e4 Nd7 5. Nc3 a6 6. Be2 e6 7. 0-0 b6 8. Bg5 Ne7 9. Qd2 h6 10. Be3 g5 11. Ne1 Ng6 12. Bh5 Nf6 13. Be2 Bb7 14. Bd3 Ng4 15. Nc2 Nxe3 16. fxe3 e5 17. Rf2 0-0 18. Raf1 c6 19. Ne2 c5 20. d5 Bc8 21. Ng3 b5 22. b3 f6 23. Qe2 Ra7 24. Qh5 Qe8 25. Ne1 bxc4 26. bxc4 Nh4 27. Qxe8 Rxe8 28. Nh5 Rf8 29. Nxf6+ Bxf6 30. Rxf6 Rxf6 31. Rxf6 Rd7 32. Rxh6 Kg7 33. Rh5 Rb7 34. Rxg5+ Ng6 35. h4 Kh6 36. g3 Rb2 37. Nf3 Rxa2 38. g4 Ra3 39. Ne1 1/2-1/2

[Event "Plunge op-A 38th"]
[Site "Plateliai"]
[Date "2018.07.22"]
[Round "9"]
[White "Maciuityte, Greta"]
[Black "Zebelis, Rimantas"]
[Result "1/2-1/2"]
[WhiteElo "1780"]
[BlackElo "1732"]
[PlyCount "49"]
[EventDate "2018.07.16"]
[EventType "swiss"]
[EventRounds "9"]
[EventCountry "LTU"]
[SourceTitle "EXT 2019"]
[Source "ChessBase"]
[SourceDate "2018.10.10"]
[SourceVersion "1"]
[SourceVersionDate "2018.10.10"]
[SourceQuality "1"]

1. e4 c5 2. d4 cxd4 3. c3 Nf6 4. e5 Nd5 5. cxd4 d6 6. Bc4 e6 7. Nf3 Nc6 8. 0-0 Be7 9. Nbd2 b6 10. Ne4 Bb7 11. Bxd5 exd5 12. Nxd6+ Bxd6 13. exd6 Qxd6 14. Re1+ Ne7 15. Qe2 Bc8 16. Bf4 Qd8 17. Qe5 f6 18. Qd6 Kf7 19. Rac1 Qxd6 20. Bxd6 Re8 21. Rc7 Be6 22. g4 Rad8 23. Ba3 Rd7 24. Rxd7 Bxd7 25. g5 1/2-1/2

[Event "Plunge op-A 38th"]
[Site "Plateliai"]
[Date "2018.07.20"]
[Round "7"]
[White "Baumilas, Silvestras"]
[Black "Zebelis, Rimantas"]
[Result "0-1"]
[WhiteElo "1543"]
[BlackElo "1732"]
[PlyCount "54"]
[EventDate "2018.07.16"]
[EventType "swiss"]
[EventRounds "9"]
[EventCountry "LTU"]
[SourceTitle "EXT 2019"]
[Source "ChessBase"]
[SourceDate "2018.10.10"]
[SourceVersion "1"]
[SourceVersionDate "2018.10.10"]
[SourceQuality "1"]

1. Nf3 g6 2. c4 Bg7 3. d4 d6 4. Nc3 a6 5. h3 Nd7 6. e4 e6 7. Bg5 Ne7 8. Qd2 h6 9. Bf4 g5 10. Be3 c5 11. Be2 Qa5 12. 0-0 Rb8 13. Nh2 b5 14. f4 b4 15. Nd1 cxd4 16. Bxd4 Bxd4+ 17. Qxd4 Qc5 18. Qe3 Bb7 19. fxg5 Bxe4 20. Ng4 hxg5 21. Ndf2 Qxe3 22. Nxe3 Bb7 23. Nc2 a5 24. Nd4 Ba6 25. Ne4 Rb6 26. Nxg5 Ne5 27. b3 Bb7 0-1

[Event "Plunge op-A 38th"]
[Site "Plateliai"]
[Date "2018.07.17"]
[Round "2"]
[White "Novikovas, Anatolijus"]
[Black "Zebelis, Rimantas"]
[Result "0-1"]
[WhiteElo "1825"]
[BlackElo "1732"]
[PlyCount "95"]
[EventDate "2018.07.16"]
[EventType "swiss"]
[EventRounds "9"]
[EventCountry "LTU"]
[SourceTitle "EXT 2019"]
[Source "ChessBase"]
[SourceDate "2018.10.10"]
[SourceVersion "1"]
[SourceVersionDate "2018.10.10"]
[SourceQuality "1"]

1. e4 g6 2. d4 Bg7 3. Nc3 d6 4. Be3 Nd7 5. Bc4 e6 6. Nf3 Ne7 7. Qd2 h6 8. h3 a6 9. a4 b6 10. d5 e5 11. g4 Nf8 12. 0-0-0 Rb8 13. Qe2 Ra8 14. Rdg1 Nd7 15. h4 Nc5 16. b4 Nxa4 17. Nxa4 b5 18. Bb3 bxa4 19. Bxa4+ Bd7 20. Bb3 a5 21. bxa5 Rxa5 22. Bd2 Ra7 23. h5 g5 24. Bc3 0-0 25. Qe3 Nc8 26. Kd2 Nb6 27. Ne1 Qf6 28. Nd3 Ba4 29. Rb1 Bxb3 30. cxb3 Ra2+ 31. Rb2 Rfa8 32. Rhb1 Qd8 33. Nb4 Rxb2+ 34. Rxb2 Qd7 35. f3 Ra3 36. Qd3 Qc8 37. Qb5 Bf8 38. Nc2 Ra7 39. Ne3 Qa8 40. Rc2 Nc8 41. Bb2 Rb7 42. Qa4 Qb8 43. Rc3 Ne7 44. Nc2 Ra7 45. Qc4 c6 46. dxc6 Rc7 47. Nb4 Qb6 48. Nd5 0-1

[Event "WchT Amateur"]
[Site "Kaunas"]
[Date "2016.11.25"]
[Round "6.1"]
[White "Joffe, Roza"]
[Black "Zebelis, Rimantas"]
[Result "1/2-1/2"]
[WhiteElo "1984"]
[BlackElo "1715"]
[PlyCount "96"]
[EventDate "2016.11.20"]
[EventType "team-swiss"]
[EventRounds "9"]
[EventCountry "LTU"]
[SourceTitle "CBM 175 Extra"]
[Source "ChessBase"]
[SourceDate "2016.12.12"]
[SourceVersion "1"]
[SourceVersionDate "2016.12.12"]
[SourceQuality "1"]
[WhiteTeam "Lithuania Margiris (W)"]
[BlackTeam "Lithuania Alytaus SRC"]
[WhiteTeamCountry "LTU"]
[BlackTeamCountry "LTU"]

1. d4 g6 2. c4 Bg7 3. Nc3 d6 4. Nf3 Nd7 5. e3 a6 6. Bd3 b6 7. Be4 Rb8 8. Bc6 Bb7 9. Qa4 Bxc6 10. Qxc6 e6 11. d5 Ne7 12. Qa4 Bxc3+ 13. bxc3 exd5 14. cxd5 Nxd5 15. Qxa6 0-0 16. Qd3 Ne7 17. Bb2 Ne5 18. Nxe5 dxe5 19. Qe4 Qd5 20. Qxd5 Nxd5 21. Rd1 Nf6 22. c4 Rfe8 23. 0-0 Ra8 24. a3 Ra4 25. Rc1 Ne4 26. Rfd1 Nc5 27. f3 f6 28. e4 Kf7 29. Rd5 g5 30. Kf1 h5 31. Rc3 Rg8 32. Bc1 Rga8 33. Be3 Rxa3 34. Rxa3 Rxa3 35. Bxc5 bxc5 36. Rxc5 Ra7 37. g3 Ke7 38. Rc6 Ra2 39. Rxc7+ Kd6 40. Rf7 Ke6 41. Rh7 Rc2 42. Rxh5 Rxc4 43. h3 Ra4 44. g4 Ra2 45. h4 gxh4 46. Rxh4 Kf7 47. Rh5 Ke6 48. Rf5 Rb2 1/2-1/2

[Event "Klaipeda Sea op-A 13th"]
[Site "Klaipeda"]
[Date "2016.07.29"]
[Round "5"]
[White "Vaitonis, Vytautas"]
[Black "Zebelis, Rimantas"]
[Result "0-1"]
[WhiteElo "1914"]
[BlackElo "1725"]
[PlyCount "60"]
[EventDate "2016.07.25"]
[EventType "swiss"]
[EventRounds "7"]
[EventCountry "LTU"]
[SourceTitle "EXT 2018"]
[Source "ChessBase"]
[SourceDate "2017.10.13"]
[SourceVersion "1"]
[SourceVersionDate "2017.10.13"]
[SourceQuality "1"]

1. d4 g6 2. e4 Bg7 3. Nc3 d6 4. f4 a6 5. Nf3 b5 6. Bd3 e6 7. Be3 Nd7 8. 0-0 c5 9. dxc5 Nxc5 10. e5 Bb7 11. Bxc5 dxc5 12. Be4 Qc7 13. Qe2 Ne7 14. Bxb7 Qxb7 15. Ne4 0-0 16. Nd6 Qc7 17. c4 Rab8 18. Rac1 b4 19. Rcd1 h6 20. Rd3 Rfd8 21. Rfd1 Nc6 22. Qf2 Qb6 23. h4 Qa5 24. b3 Qb6 25. Qe3 Nd4 26. Nxd4 cxd4 27. Qxd4 Rxd6 28. exd6 Bxd4+ 29. Rxd4 Qd8 30. d7 Kf8 0-1

[Event "Klaipeda Sea op-A 13th"]
[Site "Klaipeda"]
[Date "2016.07.28"]
[Round "4"]
[White "Zebelis, Rimantas"]
[Black "Januseviciute, Donata"]
[Result "1-0"]
[WhiteElo "1725"]
[BlackElo "1674"]
[PlyCount "90"]
[EventDate "2016.07.25"]
[EventType "swiss"]
[EventRounds "7"]
[EventCountry "LTU"]
[SourceTitle "EXT 2018"]
[Source "ChessBase"]
[SourceDate "2017.10.13"]
[SourceVersion "1"]
[SourceVersionDate "2017.10.13"]
[SourceQuality "1"]

1. d4 c5 2. d5 e5 3. e4 d6 4. Nc3 Nf6 5. Nf3 Be7 6. Be2 0-0 7. 0-0 Ne8 8. Nd2 f5 9. exf5 Bxf5 10. Bg4 g6 11. Nde4 Ng7 12. a4 Nd7 13. Bh6 Nf6 14. Bxf5 gxf5 15. Bxg7 Kxg7 16. Ng5 Qd7 17. Ne6+ Kf7 18. Nxf8 Rxf8 19. a5 Rg8 20. Qe2 a6 21. Ra3 Bd8 22. Kh1 Kf8 23. f4 e4 24. Qd2 Qg7 25. Nd1 Ng4 26. Rg3 Bh4 27. Rh3 Bd8 28. Ra3 Qd4 29. Qe2 Qxd5 30. h3 Nf6 31. Ne3 Qe6 32. c4 h5 33. Rd1 Bc7 34. Rb3 Qc8 35. Ra3 Rh8 36. Nd5 Nxd5 37. Rxd5 Rh6 38. Qd1 Qd8 39. Rb3 Qc8 40. Rg3 h4 41. Rg5 Bxa5 42. Rgxf5+ Ke8 43. Qg4 Re6 44. Qg7 Kd8 45. Rf8+ Re8 1-0

[Event "LTU-chT"]
[Site "Lithuania"]
[Date "2016.02.07"]
[Round "5.2"]
[White "Zebelis, Rimantas"]
[Black "Pakalniskis, Romas"]
[Result "0-1"]
[WhiteElo "1728"]
[BlackElo "1815"]
[PlyCount "33"]
[EventDate "2016.01.23"]
[EventType "team-swiss"]
[EventRounds "7"]
[EventCountry "LTU"]
[SourceTitle "EXT 2017"]
[Source "ChessBase"]
[SourceDate "2016.10.25"]
[SourceVersion "1"]
[SourceVersionDate "2016.10.25"]
[SourceQuality "1"]
[WhiteTeam "Alytus"]
[BlackTeam "LASF"]
[WhiteTeamCountry "LTU"]
[BlackTeamCountry "LTU"]

1. d4 Nf6 2. c4 g6 3. Nc3 d6 4. g3 Bg7 5. Bg2 0-0 6. Nf3 c6 7. 0-0 Qc7 8. h3 e5 9. e4 Re8 10. Re1 a6 11. Be3 b5 12. c5 dxc5 13. dxe5 Nfd7 14. e6 Rxe6 15. Ng5 Re8 16. f4 h6 17. Nf3 0-1

[Event "Panevezys op U2200"]
[Site "Panevezys"]
[Date "2015.12.05"]
[Round "4"]
[White "Zebelis, Rimantas"]
[Black "Juksta, Karolis"]
[Result "1-0"]
[WhiteElo "1685"]
[BlackElo "1933"]
[PlyCount "98"]
[EventDate "2015.12.04"]
[EventType "swiss"]
[EventRounds "6"]
[EventCountry "LTU"]
[SourceTitle "CBM 169 Extra"]
[Source "ChessBase"]
[SourceDate "2015.12.18"]
[SourceVersion "1"]
[SourceVersionDate "2015.12.18"]
[SourceQuality "1"]

1. d4 e6 2. c4 Bb4+ 3. Nd2 c5 4. Ngf3 cxd4 5. Nxd4 Nc6 6. Nc2 Be7 7. e4 Nf6 8. g3 0-0 9. Bg2 d5 10. 0-0 d4 11. Ne1 e5 12. Nd3 Be6 13. a3 a5 14. b3 Nd7 15. f4 f6 16. f5 Bf7 17. h4 Nc5 18. Qc2 Qc7 19. Bb2 Rac8 20. Kh2 Nb8 21. a4 Nba6 22. Ba3 Nxd3 23. Qxd3 Bxa3 24. Rxa3 Rfd8 25. g4 Nb4 26. Qg3 Kf8 27. g5 Ke7 28. Bh3 Qb6 29. g6 hxg6 30. fxg6 Be6 31. Bf5 d3 32. Raa1 Nc2 33. Bxe6 Kxe6 34. Rab1 Nb4 35. Rf3 Ke7 36. Rbf1 Rh8 37. c5 Qxc5 38. Nc4 b5 39. axb5 a4 40. Rf5 axb3 41. Nxe5 Qc2+ 42. Kh3 b2 43. Nf7 Rhd8 44. e5 b1Q 45. exf6+ gxf6 46. Rxf6 Qbb2 47. Qe3+ Kf8 48. Nxd8+ Qxf6 49. Rxf6+ Kg7 1-0

[Event "Panevezys op-A 28th"]
[Site "Panevezys"]
[Date "2015.08.17"]
[Round "1"]
[White "Bazevicius, Albertas"]
[Black "Zebelis, Rimantas"]
[Result "1-0"]
[WhiteElo "1891"]
[BlackElo "1761"]
[PlyCount "137"]
[EventDate "2015.08.17"]
[EventType "swiss"]
[EventRounds "9"]
[EventCountry "LTU"]
[SourceTitle "EXT 2016"]
[Source "ChessBase"]
[SourceDate "2015.10.08"]
[SourceVersion "1"]
[SourceVersionDate "2015.10.08"]
[SourceQuality "1"]

1. d4 Nf6 2. c4 c5 3. Nf3 g6 4. Nc3 cxd4 5. Nxd4 Nc6 6. g3 Bg7 7. Bg2 a6 8. 0-0 0-0 9. e3 Qc7 10. b3 Rb8 11. Bb2 Nxd4 12. exd4 d6 13. a4 Bg4 14. f3 Bf5 15. Re1 Rfe8 16. Ne4 b5 17. axb5 Bxe4 18. fxe4 axb5 19. Rc1 bxc4 20. Rxc4 Qb6 21. b4 e6 22. Kh1 d5 23. exd5 exd5 24. Rxe8+ Rxe8 25. Rc2 Qxb4 26. Bc3 Qb7 27. Rb2 Qc6 28. Qb3 Rc8 29. Bd2 h6 30. h3 g5 31. Kh2 Re8 32. Rc2 Qe6 33. Qf3 Rb8 34. Ba5 Ra8 35. Bb4 Rb8 36. Bc5 Rc8 37. Re2 Ne4 38. Qd3 f5 39. Qa3 Qc6 40. Bxe4 fxe4 41. Rf2 Qe6 42. Qe3 Ra8 43. Re2 Rc8 44. Kg2 Rc7 45. Qa3 Rf7 46. Qe3 Rf3 47. Qg1 g4 48. h4 h5 49. Qb1 Qf7 50. Ra2 Kh7 51. Bd6 Bxd4 52. Bf4 Bg7 53. Qb8 d4 54. Ra7 Qc4 55. Rxg7+ Kxg7 56. Qe5+ Kf8 57. Bh6+ Kf7 58. Qxh5+ Ke7 59. Bg5+ Kd7 60. Qxg4+ Kc7 61. Bf4+ Kc6 62. Qg6+ Kb5 63. Qe8+ Kb4 64. Qb8+ Kc3 65. Qb1 Qe2+ 66. Kg1 Rf2 67. Qa1+ Kb3 68. Qb1+ Ka3 69. Bd6+ 1-0